Annual report 2010

Պահպանված է:
Մատենագիտական մանրամասներ
Համատեղ հեղինակ: IBM (Հեղինակ)
Ձևաչափ: Գիրք
Լեզու:անգլերեն
Հրապարակվել է: Nueva York IBM 2010
Խորագրեր:
Ցուցիչներ: Ավելացրեք ցուցիչ
Չկան պիտակներ, Եղեք առաջինը, ով նշում է այս գրառումը!

MARC

LEADER 00000cam a2200000 a 4500
001 UCF0745
003 CL-VaPUC
008 120607e20100000US |||||||||||||||||eng|d
082 0 4 |a 658  |b IBM  |2 21 
110 2 |a IBM  |e author  |9 562462 
245 1 0 |a Annual report 2010 
300 |a 136 P 
942 |c BK 
945 |d 20120607 00:00:00  |a dcastane 
260 |a Nueva York  |b IBM  |c 2010 
600 0 7 |a IBM INTERNATIONAL BUSINESS MACHINES CORPORATION  |2 CL-VaPUC  |9 562463 
650 0 |a Administración de empresas   |9 260833 
650 0 |a Desarrollo económico  |9 259599 
650 0 |a Tecnología  |9 256742 
650 0 |a Políticas económicas  |9 353940 
583 |a last modification  |c 20130325 01:08:42  |k Rodrigo Vera 
999 |c 347895  |d 347893 
952 |0 0  |1 0  |4 0  |6 658_000000000000000_IBM_2010  |7 0  |8 A  |9 449623  |a BIBING  |b BIBING  |d 2019-11-22  |i 479446K  |o 658 IBM 2010  |p 479446K  |r 2025-01-20  |w 2019-11-22  |y BK  |k CCI